| 000 | 00429nam a22001697a 4500 | ||
|---|---|---|---|
| 020 | _a9788119443116 | ||
| 082 |
_aM 494.812 5 _bSOM/V |
||
| 100 | _aSomanadhan P | ||
| 245 |
_aVakkum vicharavum: _bbhashayude vazhikal/ _cby Somanadhan P |
||
| 250 | _a2nd. | ||
| 260 |
_aKozhikode: _bAtma Books, _c2024. |
||
| 300 | _a280p. | ||
| 650 | _aGrammar Malayalam | ||
| 650 | _aLanguage Malayalam | ||
| 650 | _aLanguage | ||
| 942 | _cBK | ||
| 999 |
_c181732 _d181732 |
||